00920nam a2200181Ia 4500008004100000041001200041082001800053100001700071245003800088260003500126300001200161650002300173942000700196999001900203952016600222952016600388952018400554231217s9999 xx 000 0 und d aEnglish a671.52 KHA;6 aKhanna, O P. 2aA text book of welding technology c1996bNew Delhi : Dhanpat Rai, axvi+949 aWelding technology cAA c166119d166119 r2024-01-26 00:00:00l0o671.52 KHA;6p12386v89.25w2024-01-26yAA1040708CL00aMLbMLd1999-01-05eSai Booksg105.00EMEK628L28/03/2001GRSF1V15.75W15 r2024-01-26 00:00:00l0o671.52 KHA;7p12387v97.75w2024-01-26yAA1040708CL00aMLbMLd1999-01-05eSai Booksg115.00EMEK628L28/03/2001GRSF1V17.25W15 r2024-01-26 00:00:00l0o671.52 KHA;8p12388v97.75w2024-01-26yAAzreplacement copy1040708CL00aMLbMLd1999-01-05eSai Booksg115.00EMEK628L28/03/2001GRSF1V17.25W15